000 00321 a2200157 4500
001 179918
020 _a
040 _cMagnum
100 _aOrthof, Sylvia
240 1 0 _aA limpeza de teresa
_lpor
245 1 0 _aA limpeza de teresa
362 0 _a1899
440 1 _aÁtica
697 _aMAGNITO: I/GERAL
942 _cBK
999 _c179918
_d179918